000
00287nam a2200109Ia 4500
008
230907s9999||||xx |||||||||||||| ||und||
082
_a
658.26
100
_a
Doty, Steve,
_9
115782
245
0
_a
Commercial energy auditing reference handbook /
300
_a
xxv, 1075 pages ;
942
_c
BK
999
_c
599543
_d
599543